|
|
|
|
| LEADER |
00643cam a2200181 7i4500 |
| 001 |
0000050611 |
| 005 |
20160908090000.0 |
| 020 |
|
|
|a 9781483349831 (pbk.)
|
| 090 |
0 |
0 |
|a H62
|b .S25 2015
|
| 100 |
1 |
|
|a Saldana, Johnny
|
| 245 |
1 |
0 |
|a Thinking qualitatively :
|b methods of mind
|c Johnny Saldana.
|
| 260 |
|
|
|a Thousand Oaks, California:
|b SAGE Publications, Inc.,
|c 2015.
|
| 300 |
|
|
|a xix, 215 p.:
|b ill.;
|c 23 cm.
|
| 504 |
|
|
|a Includes bibliographical references and index
|
| 650 |
0 |
0 |
|a Qualitative research
|
| 650 |
0 |
0 |
|a Social sciences --
|x Methodology
|
| 997 |
|
|
|a Centre for Graduate Studies
|
| 999 |
|
|
|a 0000059251
|b BOK
|c OPEN SHELF
|e 1st Floor, Shah Alam
|